00777 2200229 4500001002100000005001500021035002000036007000300056008004100059020002200100082001000122084001400132100005800146245017400204250001000378260004900388300003500437650002800472520002500500990001100525990001100536INLIS00000000000372920190716083141 a0010-0719000147ta190716 g 0 ind  a978-602-61835-3-8 a613.2 a613.2 STR0 aSTRATEGI, Optimalisasi Pertumbuhan Bayi ASI Eksklusif1 aStrategi Optimalisasi Pertumbuhan Bayi ASI Eksklusif /cpenyunting, Elizabeth Yohmi, I Gusti Ayu Nyoman Partiwi, Yovita Ananta, Wiyarni Pambudi, Naomi Esthernita Dewanto acet.1 a[s.l] :bIkatan Dokter Anak Indonesia,c2017 axi, 96 hlm. :bilus. ;c21 cm. 4aKESEHATAN. AIR SUSU IBU atermasuk bibliografi a6853 a a6853 b